Geotourism and geoparks - a sustainable form of environmental protection

Gespeichert in:
Bibliographische Detailangaben
1. Verfasser: Štrba, Ľubomír
Weitere Verfasser: Kršák, Branislav, Molokáč, Mário, Adamkovič, Jaroslav
Format: Buchkapitel
Sprache:Englisch
Tags: Tag hinzufügen
Keine Tags, Fügen Sie das erste Tag hinzu!

MARC

LEADER 00000naa$a2200000$$$4500
001 0234257
005 20240502083624.5
041 0 |a eng 
044 |a NL 
245 1 0 |a Geotourism and geoparks - a sustainable form of environmental protection  |c Ľubomír Štrba, Branislav Kršák, Mário Molokáč, Jaroslav Adamkovič 
100 1 |a Štrba, Ľubomír 
700 1 |a Kršák, Branislav 
700 1 |a Molokáč, Mário 
700 1 |a Adamkovič, Jaroslav